Normal view
MARC view
- Austen, Jane,
Entry Personal Name
001 - CONTROL NUMBER
- control field: 11642
003 - CONTROL NUMBER IDENTIFIER
- control field: NUST
005 - DATE AND TIME OF LATEST TRANSACTION
- control field: 20180716042500.0
008 - FIXED-LENGTH DATA ELEMENTS
- fixed length control field: 180716|| aca||aabn | a|a d
040 ## - CATALOGING SOURCE
- Original cataloging agency: NUST
- Transcribing agency: NUST
100 ## - HEADING--PERSONAL NAME
- Personal name: Austen, Jane,
- Dates associated with a name: 1775-1817.
- Title of a work: Persuasion.
670 ## - SOURCE DATA FOUND
- Source citation: Work cat.: (NUST)48103: Austen, Jane, 1775-1817. 3693, Northanger Abbey;, 1993.
